000 01213nam a2200265Ia 4500
003 OSt
005 20221005105759.0
006 a|||||r|||| 00| 0
007 ta
008 221004b |||||||| |||| 00| 0 hin d
020 _a9788173093388 (hbk)
_c350
024 _a100831
037 _b353, 02/03/2010, Swaraj Prakashan
_cTextual
040 _aCRL
_cCRL
_bhin
041 _2hin
_ahin
082 _aV2y7M89, 152Q0
100 _aनेहरू, जवाहर लाल
245 0 _aहिन्दुसतान की कहानी
_b द डिस्कवरी ऑफ इंडिया का हिन्दी अनुवाद
246 _aHindusatān kī kahānī: d ḍiskavarī ऑf ianḍiyā kā hindī anuvāda
260 _aनई दिल्ली
_bसस्ता साहित्य मण्डल प्रकाशन भारत
_c2010
300 _a660पृ0
_ccm.
700 _a टण्डन, राम चंद्र, संपा.
942 _hV2y7M89, 152Q0
_cTEXL
_2cc
999 _c1016881
_d1016881